Impressions of Lincoln and the Civil War : a foreigner's account /

Bibliographic Details
Main Author: Chambrun, Adolphe de Pineton, marquis de, 1831-1891
Other Authors: Chambrun, Marie Helene Marthe de Corcelles, marquise de
Format: Book
Language:English
French
Published: New York : Random House, [1952]
Subjects:

MARC

Tag First Indicator Second Indicator Subfields
LEADER 00000cam a2200000 4500
001 in00000720410
005 20151016060933.0
008 721221s1952 nyuch 00010 eng u
010 |a  52009815  
035 |a (OCoLC)00522531 
035 |9 ADD1254AM 
040 |c MAL  |d TXA  |d UtOrBLW 
041 1 |a eng  |a fre 
049 |a TXAM  |c [215625] 
050 0 |a E457.15  |b .C45 
082 0 |a 923.173 
092 |a 973.7  |b C447i 
100 1 |a Chambrun, Adolphe de Pineton,  |c marquis de,  |d 1831-1891. 
245 1 0 |a Impressions of Lincoln and the Civil War :  |b a foreigner's account /  |c by the Marquis Adolphe de Chambrun; translated from the French by Aldebert de Chambrun. 
264 1 |a New York :  |b Random House,  |c [1952] 
300 |a x, 174 pages :  |b group portrait, facsimiles ;  |c 21 cm. 
336 |a text  |b txt  |2 rdacontent 
337 |a unmediated  |b n  |2 rdamedia 
338 |a volume  |b nc  |2 rdacarrier 
500 |a The author's letters to his wife from December 20, 1864 to June 13, 1865. 
600 1 0 |a Lincoln, Abraham,  |d 1809-1865. 
651 0 |a Washington (D.C.)  |x History  |y Civil War, 1861-1865  |x Personal narratives. 
651 0 |a Washington (D.C.)  |x Social life and customs. 
700 1 |a Chambrun, Marie Helene Marthe de Corcelles,  |c marquise de. 
999 |a MARS 
999 f f |s 27493ea9-19ca-3665-8f5b-0c7e76df1888  |i a85585b2-ed1c-3df2-bce2-c5f6e7f513a0  |t 0 
952 f f |p ric  |a Texas A&M University  |b Rellis Campus  |c Joint Library Facility  |d Remote Storage  |t 0  |e E457.15 C45  |h Library of Congress classification  |i unmediated -- volume  |m A14801524402 
998 f f |a E457.15 C45  |t 0  |l Remote Storage